| 000 | 00717nam a22002057a 4500 | ||
|---|---|---|---|
| 005 | 20170811162638.0 | ||
| 010 | _aENG-119641 | ||
| 020 |
_a9789386288004 _c820.00 |
||
| 035 | _aEN-103173 | ||
| 037 | _bDBAD/PUB | ||
| 082 | _a337.5904 | ||
| 245 |
_aCelebrating the third decade and beyond : _cedited by Prabir De [and] Suthiphand Chirathiavt _bnew challenges to ASEAN-India economic partnership / |
||
| 260 |
_aNew Delhi _bKW Publishers _c2017 |
||
| 270 |
_a4676/21, First Floor, Ansari Road, Daryaganj _bNew Delhi _e110002 |
||
| 300 |
_axii,280p.: _c23cm(Hb) _bill. |
||
| 500 | _aIncludes index | ||
| 700 | _aPrabir De | ||
| 700 | _a Chirathiavt,Suthiphand | ||
| 942 |
_2ddc _cEN _h337.59054 _mCEL |
||
| 999 |
_c143307 _d143307 |
||